| 000 | 00716nam a2200265 i 4500 | ||
|---|---|---|---|
| 001 | 3179823 | ||
| 003 | 000 | ||
| 005 | 20150629111833.0 | ||
| 008 | 770506s1977 nyua b 001 0 eng | ||
| 010 | _a 76024326 | ||
| 020 | _a0879010622 | ||
| 040 |
_aUOEL _cDLC _dDLC |
||
| 050 | 0 | 0 |
_aHB171.5 _b.S641977 |
| 082 | 0 | 0 | _a330 |
| 100 | 1 | _aSpencer, Milton H. | |
| 245 | 1 | 0 |
_aContemporary economics / _cMilton H. Spencer. |
| 250 | _a3d ed. | ||
| 260 |
_aNew York : _bWorth Publishers, _c1977. |
||
| 300 |
_axxvii, 772 p. : _bill. ; _c25 cm. |
||
| 500 | _aIncludes index. | ||
| 504 | _aBibliography: p. 469-471. | ||
| 650 | 0 | _aEconomics. | |
| 906 |
_a7 _bcbc _corignew _d2 _eocip _f19 _gy-gencatlg |
||
| 942 |
_2lcc _cLL |
||
| 999 |
_c10912 _d10912 |
||